000 01034nam a2200313 a 4500
005 20241202090511.0
008 100809e2017||||sp a . f |||| 001 0 spa d
020 _a9788491131250
041 _aspa
092 _c612
_l8
_sBOR
100 1 _aBoron, Walter F.
_94049
245 _aFisiología Médica /
_cWalter F. Boron
250 _a3a ed.
_bTraducción Elsevier España
260 _aBarcelona:
_bElsevier;
_c2017.
300 _a1290 p.
_bil.
500 _aBoron, W. F. y Boulpaep, E. L. (2017). Fisiología Médica. (3a ed.). Barcelona : Elsevier.
590 _aCompra FACIMED, Junio 2011 / Noviembre 2024
653 _aFisiología de las células y las moléculas
653 _aSistema nervioso
653 _aSistema cardiovascular
653 _aSistema respiratorio
653 _aSistema urinario
653 _aSistema gastrointestinal
653 _aSistema endocrino
653 _aSistema reproductor
653 _aFisiología de la vida cotidiana
700 1 _aBoulpaep, Emile L.
_94050
942 _2ddc
_cBK
_03
999 _c3021
_d3021